000 01639nam0a2200313 4500
001 RU\NLR\bibl\1840061
005 20260409063514.0
010 _a978-5-392-04012-4
_99000
021 _aRU
_b2011-88211
_96294
035 _a(NLR Aleph) 001830527
090 _a2132098
_c2132098
100 _a20111128d2011 |||y0rusy50 ca
101 0 _arus
102 _aRU
105 _ay |||||||||
200 1 _aЖилищный кодекс Российской Федерации
_eпо состоянию на 20 октября 2011 г.
_e[принят Государственной Думой 22 декабря 2004 года
_eодобрен Советом Федерации 24 декабря 2004 года
_eизменения: Федеральный закон от 31 декабря 2005 г. N° 199-ФЗ ... Федеральный закон от 18 июля 2011 г. N° 242-ФЗ]
210 _aМосква
_cКноРус
_cПроспект
_d2011
215 _a96 с.
_d20
225 1 _aПрофессиональные юридические системы Кодекс
604 _171001$aРоссийская Федерация
_150011$aЖилищный кодекс$2nlr_sh2$3RU\NLR\AUTH\661259622
_aРоссийская Федерация
_tЖилищный кодекс
_92083558
_3RU\NLR\AUTH\661259622
686 _aХ623.211.33-324.9(2Р)
740 1 _aРоссийская Федерация
_tЗаконы
_iЖилищный кодекс
_3RU\NLR\AUTH\880379479
_9425342
801 0 _aRU
_bNLR
_c20111128
_gRCR
801 1 _aRU
_bNLR
_c20111128
942 _cBOOK
980 _aNB
980 _aNBR